| 000 | 01140cam a22003135a 4500 | ||
|---|---|---|---|
| 001 | 016161909 | ||
| 003 | OSt | ||
| 005 | 20171025161100.0 | ||
| 008 | 120820s2013 enk frb 001 0 eng d | ||
| 020 | _a9780415639187 (hbk.) | ||
| 020 | _a0415639182 (hbk.) | ||
| 020 | _a9780415630092 (set) | ||
| 020 | _a0415630096 (set) | ||
| 040 |
_aStDuBDS _beng _cStDuBDS _dEG-ScBUE _dEG-ScBUE |
||
| 082 | 0 | 4 |
_a658.049 _bMAN _222 |
| 245 | 0 | 0 |
_aManaging the global firm / _cedited by Christopher A. Bartlett, Yves Doz, Gunnar Hedlund. |
| 260 |
_aOxon, United Kingdom ; _aLondon ; _aNew York : _bRoutledge, _c2013. |
||
| 300 |
_axii, 363 p. ; _c24 cm. |
||
| 490 | 0 |
_aRoutledge Library Editions. _aInternational Business ; _v3 |
|
| 500 | _aIndex : p. 354-363. | ||
| 504 | _aIncludes bibliographical references. | ||
| 650 | 7 |
_aInternational business enterprises _xManagement _2BUEsh _94507 |
|
| 651 | _2BUEsh | ||
| 653 |
_bBUSADM _cOctober2014 _cOctober2017 |
||
| 655 |
_vReading book _934232 |
||
| 700 | 1 |
_aBartlett, Christopher A., _d1943- _eeditor. _936210 |
|
| 700 | 1 |
_aDoz, Yves L. _eeditor. _936211 |
|
| 700 | 1 |
_aHedlund, Gunnar, _d1949- _eeditor. _936212 |
|
| 999 |
_c18453 _d18425 |
||